Holiday Quiz

Random Holiday or Flags Quiz

Nations' Celebrations Quiz Stats

Quiz Updated Dec 2, 2015

Also try: Holidays A-Z
Challenge
Share
Tweet
Score 0/20 Timer 04:00
1 Play Today
% Correct
Ireland
96.3%
Australia
94.9%
South Korea
94.1%
Canada
92.3%
France
91.5%
Cuba
89.9%
United States of America
88.7%
Sweden
88.7%
China
84.8%
Brazil
84.3%
% Correct
Italy
83.2%
Norway
82.2%
Netherlands
80.9%
Spain
77.4%
India
63.3%
Pakistan
59.9%
Egypt
55.2%
Nigeria
51.4%
Bangladesh
45.7%
Senegal
31%

You're not logged in!

Compare scores with friends on all Sporcle quizzes.
Sign Up with Email
OR
Log In

You Might Also Like...

Show Comments

Extras

Top Quizzes Today


Score Distribution

Your Account Isn't Verified!

In order to create a playlist on Sporcle, you need to verify the email address you used during registration. Go to your Sporcle Settings to finish the process.